00265nam a22001097a 4500008004100000020001500041041000800056080001500064100000700079101000800086245006100094190305b xxu||||| |||| 00| 0 eng d a0226036367 aeng 22nda159.9 a49 aPSI aBecoming a Psychotherapist A Clinical Primer cSchafer,R